| 000 | 01115nam a22002417a 4500 | ||
|---|---|---|---|
| 003 | OSt | ||
| 005 | 20260515164123.0 | ||
| 008 | 260515b ||||| |||| 00| 0 spa d | ||
| 020 | _a9789587960112 | ||
| 040 | _cCO-Mq BPB | ||
| 041 | _aspa | ||
| 082 |
_bC _2ALEc |
||
| 100 |
_aAlexandrou, Alex _eautor |
||
| 245 |
_aCartera de historias mágicas: _b7 historias sorprendentes para llevar |
||
| 264 |
_aBogotá, _bPanamericana, _c2020 |
||
| 300 |
_a61 paginas; _bTapa dura, ilustraciones a color, _c22 cm |
||
| 521 | _aEste libro reúne una colección de cuentos infantiles llenos de personajes fantásticos y situaciones mágicas. Entre las historias aparecen unicornios, hadas, princesas y otros personajes imaginarios que viven aventuras divertidas y sorprendentes. La obra busca estimular la imaginación y el gusto por la lectura mediante relatos cortos, ilustraciones y un lenguaje sencillo pensado para niños pequeños. | ||
| 650 | _aFantasía y magia | ||
| 650 | _aUnicornios y personajes mágicos | ||
| 650 | _aPrincesas y cuentos | ||
| 700 |
_aGarafo, Alejandra _etraductora |
||
| 942 |
_2ddc _cBKLIT |
||
| 999 |
_c16319 _d16319 |
||